1008 1650 1435 1252 1339 1560 1691 1727 1772 1593 1686 1210 1464 1632 1507 1871 1624 1461 1367 1197 1014 1088 1139 1097 1228 1782 1090 1038 1945 1083 1843 1968 1475 1526 1140 1549 1481 1860 1453 1532 1648 1596 1306 1293 1304 1703 1331 1614 1099 1648 1864 1394 1834 1966 1211 1969 1811 1597 1198 1369 1268 1650 1743 1404 1403 1081 1249 1611 1731 1370 1072 1802 1902 1000 1289 1603 1441 1156 1515 1025 1613 1183 1582 1944 1370 1255 1652 1325 1455 1653 1695 1301 1508 1319 1017 1941 1450 1491 1919 BCNSPRNW ULIB Ver.6.0+V

เปลี่ยนเป็นภาษาไทย

Change to English
 แสดงรายละเอียดบรรณานุกรม
  กลับหน้าหลัก

Brief Record : Get Marc (ISO 2709) : E-mail record : QR code < ปิดหน้าต่าง
LEADER : 00000nam 2200000uu 4500
001    13399115199
003     ULIB
008    040223s2000 us 000 0 eng d
020    ^a0697387933 (pbk.)
060 04 ^aQT^bT915A
100 1  ^aStrete, Dennis
245 13 ^aAn atlas to human anatomy /^cDennis Strete, Christopher H.
260    ^aBoston, Mass. :^bMcGraw-Hill,^c2000
300    ^aviii, 200 p. :^bill. (some col.) ;^c28 cm.
500    ^aIncludes index
500    ^aSend to Single Search
650  2 ^aAnatomy^vatlases
700 1  ^aCreek, Christopher H.
945    ^p0^l0^i400476
995    ^akanchaporn
999 ^a ใช้งานได้ทุกระบบ
รายการนี้ยังไม่มีแท็ก
คุณยังไม่ได้ล็อกอิน คุณสามารถมีกิจกรรมร่วมกับเว็บไซต์ได้ แต่ต้องล็อกอินก่อน ::
  ล็อกอิน

รายการสื่อสารสนเทศ

ลำดับที่ ประเภท เลขเรียก/บาร์โค้ด สถานที่ สถานะ
- ไม่พบข้อมูล -

รายการใกล้เคียง
    หัวเรื่อง [Anatomy atlases]

BibComment


ยังไม่เคยถูกคอมเมนท์

คอมเมนท์ทรัพยากรรายการนี้
  คอมเมนท์: An atlas to huma..


 Copyright 2026. Bcnsprnw @Library